[Event "Wch FIDE Online U12 Girls America qual"]
[Site "Tornelo INT"]
[Date "2020.12.03"]
[Round "4"]
[White "Salvato Leon, Ana Maria"]
[Black "Canaviri, Adriana"]
[Result "0-1"]
[WhiteElo "1497"]
[BlackElo "1289"]
[PlyCount "68"]
[EventDate "2020.12.01"]
[EventType "swiss (rapid)"]
[EventRounds "7"]
[EventCountry "ISS"]
[SourceTitle "EXT 2022"]
[Source "ChessBase"]
[SourceDate "2021.10.06"]
[SourceVersion "1"]
[SourceVersionDate "2021.10.06"]
[SourceQuality "1"]

1. e4 c5 2. Nf3 d6 3. d4 cxd4 4. Qxd4 Nc6 5. Qd2 Bd7 6. Nc3 Nf6 7. b3 g6 8. Bd3 Bg7 9. Bb2 0-0 10. 0-0-0 Rc8 11. Kb1 a6 12. h3 b5 13. g4 Nb4 14. h4 Nxg4 15. Rdf1 Qb6 16. Nd5 Nxd5 17. Bxg7 Kxg7 18. exd5 Qc5 19. h5 Rh8 20. h6+ Kg8 21. Be4 Qc3 22. Qf4 Nf6 23. Bd3 Nxd5 24. Qe4 Qc5 25. Nh4 Nc3+ 26. Kb2 Nxe4 27. Bxe4 Qc3+ 28. Kb1 Bc6 29. Bxc6 Rxc6 30. Rhg1 Qxc2+ 31. Ka1 Qe4 32. f4 Rc2 33. f5 Qd4+ 34. Kb1 Qb2# 0-1